Asalto a palacio : las entrañas de una guerra /
Relato de las entrañas de una guerra por conquistar: la presidencia de México. La alternacia política, cuestión que impedía la vigencia de la democracia plena en México. La figura central es Vicente Fox, en ella se aborda su mercadotecnia, la descripción de las sus argucias políticas y de su equipo...
Guardat en:
| Autor principal: | |
|---|---|
| Format: | Llibre |
| Idioma: | espanyol |
| Publicat: |
México :
Grijalbo,
2001, c2001
|
| Col·lecció: | (Raya en el Agua)
|
| Matèries: | |
| Etiquetes: |
Sense etiquetes, Sigues el primer a etiquetar aquest registre!
|
MARC
| LEADER | 00000nam^a2200000^a^4500 | ||
|---|---|---|---|
| 001 | 000131176 | ||
| 005 | 20250521000000.0 | ||
| 009 | 20260310095012.825 | ||
| 020 | |a 970-05-1343-2 | ||
| 037 | |a Acervo ITESO - Biblioteca | ||
| 041 | |a ESP | ||
| 082 | |a 320. 9720640 |b CAN | ||
| 100 | |a Cantú, Guillermo H. |e (autor) | ||
| 245 | 1 | 0 | |a Asalto a palacio : |b las entrañas de una guerra / |c G.H. Cantú. |
| 264 | 4 | |a México : |b Grijalbo, |c 2001, c2001 | |
| 300 | |a 368 p. | ||
| 336 | |a texto |b txt |2 rdacontenido | ||
| 337 | |a sin mediación |b n |2 rdamedio | ||
| 338 | |a volumen |b nc |2 rdasoporte | ||
| 440 | 1 | |a (Raya en el Agua) | |
| 520 | |a Relato de las entrañas de una guerra por conquistar: la presidencia de México. La alternacia política, cuestión que impedía la vigencia de la democracia plena en México. La figura central es Vicente Fox, en ella se aborda su mercadotecnia, la descripción de las sus argucias políticas y de su equipo de campaña. | ||
| 649 | |a XX | ||
| 650 | |a Políticos Mexicanos | ||
| 650 | |a Jefes de Estado Mexicanos | ||
| 650 | |a Transición Política - |z México - |x Historia - |y 1994-2000 | ||
| 650 | |a Transición Política - |z México - |x Historia - |y 2000-2006 | ||
| 650 | |a Democracia - |z México - |x Historia | ||
| 650 | |a Política - |z México - |x Historia - |y 1994-2000 | ||
| 650 | |a Política - |z México - |x Historia - |y 2000-2006 | ||
| 650 | |a Política - |z México - |x Historia - |y Siglo XX | ||
| 650 | |a Política - |z México - |x Historia - |y Siglo XXI | ||
| 650 | |a México - |x Condiciones Políticas | ||
| 650 | |a Fox Quesada, Vicente | ||
| 910 | |a Fondo General | ||
| 920 | |a Impresos - Libros | ||
| 930 | |a Colección General | ||
| 905 | |a 101 | ||
| 901 | |a 0500060896 |b IT1 |c ACC |u 20250521 | ||
| 902 | |a https://opac.biblio.iteso.mx/vufind/Record/000131176 | ||